Responses for Show #4397 - Tuesday, October 21, 2003

Russ Schumacher game 3.

Contestants

[<< previous game]

Parker Morrison, a props master originally from Noblesville, Indiana

David Burgoyne, a real estate appraiser from Ann Arbor, Michigan

Russ Schumacher, a graduate student from Fort Collins, Colorado (whose 2-day cash winnings total $29,499)

[next game >>]

Jeopardy! Round responses

VICE PRESIDENTIAL TERMS OF SERVICE
(Alex: We'll give you the term, you identify the VP.)
GETTING POSSESSIVE
SCIENCE PUNS
TAKE THE "A" TRAIN
CALL OUT THE BOB SQUAD
IT'S GONNA BLOW!
    $200 2
Richard Nixon

David
    $200 21
a citizen's arrest

Parker
    $200 7
hives

David
    $200 1
the Alps

David
    $200 26
Bobby Fischer

Russ
    $200 16
the harmonica

Russ
    $400 3
Dan Quayle

Parker
    $400 22
(David: What are athlete's feet?)

athlete's foot

DavidParker
    $400 8
(Russ: What are labor pains?)

contractions

RussParker
    $400 12
Austria

Russ
    $400 27
Bob Cratchit

Russ
    $400 17
trombone

Parker
    $600 4
Teddy Roosevelt

David
    $600 23
child's play

Parker
    $600 9
(Parker: What is under the weather?)

pressure

Parker
Triple Stumper
    $600 13
Amtrak

Russ
    $600 28
Bob Vila

Russ
    $600 18
kazoo

Russ
    $800 5
Hubert Humphrey

David
    $800 24
the dean's list

Parker
    $800 10
coral

David
    $800 14
Amsterdam

Russ
    $800 29
Bob Fosse

Russ
    $800 19
flute

Russ
    $1000 6
(Russ: Who is Andrew Johnson?)
(Parker: [No response])
...
(Alex: That was Lincoln's first vice president.)

Hannibal Hamlin

RussParker
Triple Stumper
    $1000 25
a Ladies' Man

Triple Stumper
    $1000 11
(Russ: What is the kill?)

the krill

RussDavid
    $1,000 15
(Russ: I don't know.)

Aberdeen

Russ
    $1000 30
"Me and Bobby McGee"

Parker
    $1000 20
flugelhorn

Russ

Scores at the first commercial break (after clue 15):

Russ David Parker
-$1,600 $3,800 -$800

Scores at the end of the Jeopardy! Round:

Russ David Parker
$3,000 $3,400 $2,600

Double Jeopardy! Round responses

SONNETS
MOVIE CROSSWORD CLUES "M"
NEXT TO BRAZIL
WEAPONS OF THE OLD WEST
THE 1930s
QUASI-RELATED PAIRS
    $400 11
15

Russ
    $400 1
Metropolis

Parker
    $400 6
(Russ: What is Venezuela?)

Colombia

RussDavid
    $400 24
pearl

David
    $400 21
(Charles) Richter

Russ
    $400 16
Hunt & Peck

Russ
    $800 12
James I

Russ
    $800 2
Mother

Parker
    $5,000 7
(David: What is Suriname?)
(Alex: Overseas region... Suriname is independent.)

French Guiana

David
    $800 25
Doc Holliday

David
    $800 22
"Li'l Abner"

Parker
    $800 17
(Parker: What is mister & miss her?)
(David: What is mister & missed her?)

mister & misses

DavidParker
Triple Stumper
    $1200 13
John Milton

Triple Stumper
    $1200 3
Melanie

Parker
    $1200 8
Paraguay (or Bolivia)

Russ
    $1200 26
(Parker: What is Colt 45?)

Six-Gun

Parker
Triple Stumper
    $1200 23
Alcoholics Anonymous

David
    $1200 18
Styx & Stones

Russ
    $1600 14
Bluebeard

Triple Stumper
    $1600 4
(Alex: Woody Allen's movie.)

Manhattan

Parker
    $1600 9
Argentina

Parker
    $2,300 27
(David: What is a bison or American buffalo?)

buffalo gun

David
    $1600 29
Jimmy Walker

David
    $1600 19
suite & Lowe

Russ
    $2000 15
fair

Triple Stumper
    $2000 5
Moonraker

David
    $2000 10
Peru

Parker
    $2000 28
Winchester

David
    $2000 30
Alf Landon

Russ
    $2000 20
rack & Pinyon

Triple Stumper

Scores at the end of the Double Jeopardy! Round:

Russ David Parker
$10,600 $8,300 $9,000

[wagering suggestions for these scores]

Final Jeopardy! Round responses

IN THE MEDICINE CABINET
(Alex: Yeah, the experiments of dropping a tablet into water at different temperatures.)
DavidWhat is Baking Soda?
$2,300
ParkerWhat is Tylenol?
$5,000
RussWhat is Alka-Seltzer?
$7,401
Alka-Seltzer

Final scores:

Russ David Parker
$18,001 $6,000 $4,000
3-day champion: $47,500 2nd place: $2,000 3rd place: $1,000

Game dynamics:

Coryat scores:

Russ David Parker
$11,600 $12,600 $9,000
19 R,
5 W
(including 1 DD)
15 R
(including 1 DD),
3 W
(including 1 DD)
15 R,
4 W

Combined Coryat: $33,200

[game clues] [game scores] [suggest correction]

Game tape date: 2003-08-05
The J! Archive is created by fans, for fans. Scraping, republication, monetization, and malicious use prohibited; this site may use cookies and collect identifying information. See terms. The Jeopardy! game show and all elements thereof, including but not limited to copyright and trademark thereto, are the property of Jeopardy Productions, Inc. and are protected under law. This website is not affiliated with, sponsored by, or operated by Jeopardy Productions, Inc. Join the discussion at JBoard.tv.